|
|
|
|
| LEADER |
00000naa2a2200000 4500 |
| 001 |
605109 |
| 005 |
20260224094717.0 |
| 035 |
|
|
|a (RuTPU)RU\TPU\conf\2394
|
| 035 |
|
|
|a RU\TPU\conf\2391
|
| 090 |
|
|
|a 605109
|
| 100 |
|
|
|a 20140402d2012 k y0rusy50 ca
|
| 101 |
0 |
|
|a rus
|
| 102 |
|
|
|a RU
|
| 135 |
|
|
|a drnn ---uucaa
|
| 181 |
|
0 |
|a i
|
| 182 |
|
0 |
|a b
|
| 200 |
1 |
|
|a Фазорегулируемые автобалластные системы стабилизации на основе полностью управляемых вентилей
|f Б. В. Лукутин, Е. Б. Шандарова
|
| 203 |
|
|
|a Текст
|c электронный
|
| 215 |
|
|
|a 1 файл (329 Кб)
|
| 225 |
1 |
|
|a Повышение энергоэффективности процессов преобразования электроэнергии потребителями
|
| 300 |
|
|
|a Заглавие с титульного листа.
|
| 320 |
|
|
|a [Библиогр.: с. 131 (2 назв.)]
|
| 337 |
|
|
|a Adobe Reader
|
| 463 |
|
1 |
|0 (RuTPU)RU\TPU\conf\2321
|t Электроэнергия: от получения и распределения до эффективного использования
|o материалы V Всероссийской научно-технической конференции, г. Томск, 17-18 мая 2012 г.
|f Национальный исследовательский Томский политехнический университет (ТПУ) ; под ред. Б. И. Кудрина ; Б. В. Лукутина ; А. С. Сайгаш
|v [С. 129-131]
|d 2012
|
| 610 |
1 |
|
|a труды учёных ТПУ
|
| 610 |
1 |
|
|a электронный ресурс
|
| 610 |
1 |
|
|a автобалластные системы
|
| 610 |
1 |
|
|a системы стабилизации
|
| 610 |
1 |
|
|a вентили
|
| 610 |
1 |
|
|a микроГЭС
|
| 610 |
1 |
|
|a электроэнергия
|
| 700 |
|
1 |
|a Лукутин
|b Б. В.
|c специалист в области электротехники
|c профессор Томского политехнического университета, доктор технических наук
|f 1948-
|g Борис Владимирович
|3 (RuTPU)RU\TPU\pers\21974
|9 9293
|
| 701 |
|
1 |
|a Шандарова
|b Е. Б.
|c специалист в области электротехники
|c доцент Томского политехнического университета, кандидат технических наук
|f 1971-
|g Елена Борисовна
|3 (RuTPU)RU\TPU\pers\26024
|9 11871
|
| 712 |
0 |
2 |
|a Национальный исследовательский Томский политехнический университет (ТПУ)
|b Энергетический институт (ЭНИН)
|b Кафедра электроснабжения промышленных предприятий (ЭПП)
|3 (RuTPU)RU\TPU\col\18676
|
| 712 |
0 |
2 |
|a Национальный исследовательский Томский политехнический университет (ТПУ)
|b Энергетический институт (ЭНИН)
|b Кафедра электрических сетей и электротехники (ЭСиЭ)
|3 (RuTPU)RU\TPU\col\18677
|
| 801 |
|
2 |
|a RU
|b 63413507
|c 20140402
|g RCR
|
| 856 |
4 |
|
|u http://www.lib.tpu.ru/fulltext/c/2012/C29/056.pdf
|
| 942 |
|
|
|c CF
|